| 000 | 00347nam a2200133Ia 4500 | ||
|---|---|---|---|
| 008 | 240624s9999 xx 000 0 und d | ||
| 041 | _aeng | ||
| 082 | _a158.128 NIR | ||
| 100 | _aNIRMALA P G | ||
| 245 | _aEYE OF THE SOUL HENRY THOREAU S JOURNAL | ||
| 260 |
_c2006 _aHyderabad _bICFAI press |
||
| 300 | _ax, : 125 : p. : cm. ; 22 | ||
| 365 |
_cRS _b50 |
||
| 999 |
_c6498 _d6498 |
||